000 01193cam a2200349 a 4500
001 7698584
003 ARRUPE
005 20150915123835.0
006 m d
007 cr n
008 000224s2000 maua sb 001 0 eng d
020 _a0262194473 (alk. paper)
035 _a(WaSeSS)ssj0000239586
040 _aDLC
_cDLC
_dDLC
_dWaSeSS
050 4 _aBF311
_b.S385 2001
082 0 0 _a153
_221
100 1 _aSchulkin, Jay.
_914553
210 1 0 _aRoots of social sensibility and neural function
245 1 0 _aRoots of social sensibility and neural function
_h[electronic resource] /
_cJay Schulkin.
260 _aCambridge, Mass. :
_bMIT Press,
_cc2000.
300 _axviii, 206p.;
_c24cm.
500 _a"A Bradford book."
504 _aIncludes bibliographical references (p. [145]-193) and indexes.
506 _aLicense restrictions may limit access.
650 0 _aCognition
_xSocial aspects.
_919824
650 0 _aCognition and culture.
_914408
650 0 _aHuman information processing
_xSocial aspects.
_919825
650 0 _aPsychology, Comparative.
_919826
773 0 _tMIT CogNet
910 _aLibrary of Congress record
942 _2lcc
_cMONOGRAPH
999 _c123401
_d123401